000 01216nam a2200313 i 4500
003 DO-SdBNP
005 20250710093114.0
007 ta
008 250710b2025 dr ac||| |||| 00| 0 spa d
020 _a9789945224245
040 _aDO-SdBNP
_bspa
_cBNPHU
_erda
041 _aspa
082 4 _axxx
_bB248m
_222
100 _aBaret Berroa, Víctor C.
_eautor
_4aut.
_948916
245 1 0 _aManual básico de pedagogía cristiana /
_cBaret, Víctor ; corrección y prólogo, Elba Mirope Young Romero ; diseño José Mercedes.
250 _aPrimera edición
264 4 _aSanto Domingo, República Dominicana :
_bEditora Búho, S.R.L.
_c©2025.
300 _a240 páginas ;
_bilustraciones, retratos ;
_c23 cm.
336 _atexto
_btxt
_2rdacontent
337 _asin mediación
_bn
_2rdamedia
338 _avolumen
_bnc
_2rdacarrier
500 _aIncluye datos biográficos del autor en la solapa de la cubierta.
500 _aInstruye al niño en su camino, y aun cuando fuere viejo no se apartara de él. Proverbios 22:6
504 _aBibliografía: páginas 235-237
590 _aInventariado, 2025 /LP
700 _aYoung Romero, Elba Mirope
_eprologuista
_4pr.
_988302
910 _aLP
942 _2ddc
_cLBS1
999 _c59480
_d59480